000 00413nam a2200157Ia 4500
008 210719s1968 xx 000 0 und d
041 _aeng
082 _a332.6 MANG
100 _aMANSUKHANI (G R)
245 _aGolden investment strategy.
260 _aBombay
_bLalvani Publishing House
_c1968
300 _axv,191
_bHB
365 _b18
_cRs
650 _aInvestment Management
906 _aInvestment strategy
999 _c212807
_d212807